Szczegóły MARC21

Sztuka świata. Afryka, Ameryka, Azja / T. 14, Atlas zabytków :

003 -Nazwa inst., której nr kontr. jest w polu 001 [,]
    • @
    • Nazwa instytucji, której n kontrolny jest w polu 001
    • NUKAT
005 -DATA I CZAS OSTATNIEJ MODYFIKACJI [,]
    • @
    • pole kontrolne
    • 20241231113109.0
020 -Międzynarod. znormalizowany nr książki - ISBN [ , ]
    • a
    • Numer ISBN
    • 9788321342764 Find
    • q
    • Dopowiedzenie
    • t. 14
040 -Instytucja sporządzająca opis [ , ]
    • a
    • Instytucja, która sporządziła opis (NP)
    • OLSZT 003/ISO
    • c
    • Instytucja, która sporządziła rekord (NP)
    • OLSZT 003/ISOs
942 -Rodzaj dokumentu [ , ]
    • c
    • Rodzaj dokumentu
    • Książka
245 -Strefa tytułu i oznaczenia odpowiedzialności [0,0]
    • a
    • Tytuł
    • Sztuka świata. Find
    • n
    • Oznaczenie części (P)
    • T. 14,
    • p
    • Nazwa części (P)
    • Atlas zabytków :
    • b
    • Ciąg dalszy tytułu (NP)
    • Afryka, Ameryka, Azja / Find
    • c
    • Pozostałe elementy strefy tytułu i oznaczenia odpowiedzialności (NP)
    • [aut.: Marta Boberska et al. ; red. nauk. Andrzej Dulewicz].
246 -Wariant tytułu [3, ]
    • a
    • Tytuł (NP)
    • Atlas zabytków :
    • b
    • Ciąg dalszy tytułu (NP)
    • Afryka, Ameryka, Azja
260 -Strefa adresu wydawniczego [ , ]
    • a
    • Miejsce wydania (P)
    • Warszawa :
    • b
    • Nazwa wydawcy (P)
    • "Arkady",
    • c
    • Data wydania (P)
    • 2012.
300 -Strefa opisu fizycznego [ , ]
    • a
    • Określenie formy książki i/lub objętość (NP)
    • 355, [1] s. :
    • b
    • Oznaczenie ilustracji (NP)
    • il. ;
    • c
    • Format (NP)
    • 30 cm.
336 -Typ zawartości [ , ]
    • a
    • Termin opisujący typ zawartości
    • Tekst
    • b
    • Kod określający zawartość
    • txt
    • 2
    • Źródło (terminu i kodu)
    • rdacontent
337 -Typ mediów [ , ]
    • a
    • Tryb odtwarzania
    • Bez urządzenia pośredniczącego
    • b
    • Kod typu mediów
    • n
    • 2
    • Źródło (terminu i kodu)
    • rdamedia
338 -Typ/rodzaj nośnika [ , ]
    • a
    • Hasło opisujące typ nośnika
    • Wolumin
    • b
    • Kod typu nośnika
    • nc
    • 2
    • Źródło (terminu i kodu)
    • rdacarrier
650 -Hasło przedmiotowe [ ,7]
    • a
    • Hasło przedmiotowe
    • Sztuka
    • v
    • Określnik formalny
    • encyklopedie.
    • 2
    • Źródło terminu
    • kaba
    • 9
    • KHW
    • 358907
650 -Hasło przedmiotowe [ ,7]
    • a
    • Hasło przedmiotowe
    • Zabytki wschodnie.
    • 2
    • Źródło terminu
    • kaba
    • 9
    • KHW
    • 137267
650 -Hasło przedmiotowe [ ,7]
    • a
    • Hasło przedmiotowe
    • Pomniki historii
    • z
    • Określnik geograficzny
    • Afryka
    • v
    • Określnik formalny
    • encyklopedie.
    • 2
    • Źródło terminu
    • kaba
    • 9
    • KHW
    • 468455
650 -Hasło przedmiotowe [ ,7]
    • a
    • Hasło przedmiotowe
    • Pomniki historii
    • z
    • Określnik geograficzny
    • Ameryka
    • v
    • Określnik formalny
    • encyklopedie.
    • 2
    • Źródło terminu
    • kaba
    • 9
    • KHW
    • 468453
650 -Hasło przedmiotowe [ ,7]
    • a
    • Hasło przedmiotowe
    • Pomniki historii
    • z
    • Określnik geograficzny
    • Azja
    • v
    • Określnik formalny
    • encyklopedie.
    • 2
    • Źródło terminu
    • kaba
    • 9
    • KHW
    • 468456
651 -Hasło przedmiotowe w formie nazwy geograficznej [ ,7]
    • a
    • Nazwa geograficzna
    • Afryka
    • x
    • Określnik rzeczowy
    • zabytki.
    • 2
    • Źródło terminu
    • kaba
    • 9
    • KHW
    • 468454
651 -Hasło przedmiotowe w formie nazwy geograficznej [ ,7]
    • a
    • Nazwa geograficzna
    • Ameryka
    • x
    • Określnik rzeczowy
    • zabytki.
    • 2
    • Źródło terminu
    • kaba
    • 9
    • KHW
    • 101094
700 -Hasło dodatkowe - nazwa osobowa [1, ]
    • a
    • Nazwa osobowa (NP)
    • Dulewicz, Andrzej. Find
    • e
    • Określenie rodzaju współpracy
    • Red.
    • 9
    • KHW
    • 443026
700 -Hasło dodatkowe - nazwa osobowa [1, ]
    • a
    • Nazwa osobowa (NP)
    • Boberska, Marta. Find
    • 9
    • KHW
    • 468360
710 -Hasło dodatkowe - nazwa ciała zbiorowego [2, ]
    • a
    • Nazwa ciała zbiorowego lub nazwa geograficzna jako pierwszy element (NP)
    • Wydawnictwo Arkady.
    • 4
    • Kod relacji
    • pbl
    • 9
    • KHW
    • 506560
920 -ISBN [ , ]
    • a
    • ISBN
    • 978-83-213-4276-4 Find
    • q
    • Dopowiedzenie
    • t. 14
Numer inwentarzowy Status udost. Lokalizacja Data inwentaryzacji Sygnatura
P.267281BM2018-10-22POL. Sztuka 32